Marketing Management <The> Strategy, Tactics and Art of Competition

Salvato in:
Dettagli Bibliografici
Autore principale: Wasson, Chester R.
Natura: Libro
Lingua:inglese
Pubblicazione: Charlotte ECR Associates 1983
Edizione:1. ed.
Soggetti:
Tags: Aggiungi Tag
Nessun Tag, puoi essere il primo ad aggiungerne!!

MARC

LEADER 00000nam a2200000 4500
001 c021649
005 20221207074807.3
020 |a 0-9600352-6-5 
041 0 |a eng 
044 |a US 
245 1 0 |a Marketing Management  |b <The> Strategy, Tactics and Art of Competition  |c Chester R. Wasson 
250 |a 1. ed. 
264 1 |a Charlotte  |b ECR Associates  |c 1983 
300 |a 469 s.  |e 1 samostat. príl. 
610 2 0 |a marketing 
610 2 0 |a marketing manažment 
610 2 0 |a marketing strategický 
610 2 0 |a stratégia marketingová 
610 2 0 |a taktika podniková 
610 2 0 |a konkurencia 
610 2 0 |a konkurencieschopnosť 
100 1 |a Wasson, Chester R.